Contemporary engineering economics (Record no. 2014)

000 -LEADER
fixed length control field 00571nam a22002054a 4500
001 - CONTROL NUMBER
control field 2014
003 - CONTROL NUMBER IDENTIFIER
control field BD-DhUET
008 - FIXED-LENGTH DATA ELEMENTS--GENERAL INFORMATION
fixed length control field 160220b xxu||||| |||| 00| 0 eng d
020 ## - INTERNATIONAL STANDARD BOOK NUMBER
International Standard Book Number 0130893102
040 ## - CATALOGING SOURCE
Original cataloging agency DLC
Transcribing agency DLC
Modifying agency BD-DhUET
Language of cataloging 0
082 00 - DEWEY DECIMAL CLASSIFICATION NUMBER
Classification number 658.15
Item number PAR/2002
100 1# - MAIN ENTRY--PERSONAL NAME
Personal name Park, Chan S.
245 10 - TITLE STATEMENT
Title Contemporary engineering economics
Statement of responsibility, etc. by Chan S. Park
250 ## - EDITION STATEMENT
Edition statement 3rd ed.
260 ## - PUBLICATION, DISTRIBUTION, ETC. (IMPRINT)
Place of publication, distribution, etc. New Jersey
Name of publisher, distributor, etc. Prentice Hall
Date of publication, distribution, etc. 2002
300 ## - PHYSICAL DESCRIPTION
Extent xxxi, 920 p.
Other physical details ill. (some col.), map
Dimensions 24 cm.
504 ## - BIBLIOGRAPHY, ETC. NOTE
Bibliography, etc Includes bibliographies
650 #0 - SUBJECT ADDED ENTRY--TOPICAL TERM
Topical term or geographic name as entry element Engineering economy
942 ## - ADDED ENTRY ELEMENTS (KOHA)
Koha item type General Book
Holdings
Withdrawn status Koha normalized classification for sorting Date acquired Koha date last seen Koha full call number Piece designation (barcode) Copy number Shelving location Koha item type Not for loan Lost status Location (home branch) Koha issues (times borrowed) Koha date last borrowed Source of classification or shelving scheme Price effective from Sublocation or collection (holding branch) Damaged status
 658_000000000000000_15PAR20022014-09-162014-09-16658.15/PAR/20021025751Circulation sectionGeneral Book  Central Library, BUET   2014-09-16Central Library, BUET 
 658_000000000000000_15PAR20022014-09-162014-09-16658.15/PAR/20021025802Circulation sectionGeneral Book  Central Library, BUET   2014-09-16Central Library, BUET 
 658_000000000000000_15PAR20022014-09-162019-04-13658.15/PAR/20021025743Circulation sectionGeneral Book  Central Library, BUET12018-11-12 2014-09-16Central Library, BUET 
 658_000000000000000_15PAR20022014-09-162014-09-16658.15/PAR/20021025794Circulation sectionGeneral Book  Central Library, BUET   2014-09-16Central Library, BUET 
 658_000000000000000_15PAR20022014-09-162014-09-16658.15/PAR/20021025815Circulation sectionGeneral Book  Central Library, BUET   2014-09-16Central Library, BUET 
 658_000000000000000_15PAR20022014-09-162014-09-16658.15/PAR/20021025766Circulation sectionGeneral Book  Central Library, BUET   2014-09-16Central Library, BUET 
 658_000000000000000_15PAR20022014-09-162014-09-16658.15/PAR/20021025787Circulation sectionGeneral Book  Central Library, BUET   2014-09-16Central Library, BUET 
 658_000000000000000_15PAR20022014-09-162014-09-16658.15/PAR/20021025778Circulation sectionGeneral Book  Central Library, BUET   2014-09-16Central Library, BUET 
 658_000000000000000_15PAR20022014-09-162014-09-16658.15/PAR/20021025739Circulation sectionGeneral Book  Central Library, BUET   2014-09-16Central Library, BUET 
 658_150000000000000_PAR_20022006-06-262017-04-15658.15/PAR/200210258210Circulation sectionGeneral Book  Central Library, BUET   2017-04-15Central Library, BUET